Introduction to bioinformatics in microbiology: Learning materials iosciences (Record no. 394923)
[ view plain ]
| 000 -LEADER | |
|---|---|
| fixed length control field | 00564 a2200205 4500 |
| 005 - DATE & TIME | |
| control field | 20260127102735.0 |
| 008 - FIXED-LENGTH DATA ELEMENTS--GENERAL INFORMATION | |
| fixed length control field | 260122b |||||||| |||| 00| 0 eng d |
| 020 ## - ISBN | |
| International Standard Book Number | 9783031452925 |
| Price | £ 64.99 |
| 040 ## - CATALOGING SOURCE | |
| Original cataloging agency | VIVEKANANDA LIBRARY |
| 082 ## - DDC NUMBER | |
| Classification number | 570.285 |
| Book Number | C868I |
| 100 ## - MAIN ENTRY--PERSONAL NAME | |
| Personal name | Christensen, Henrik |
| 245 ## - TITLE STATEMENT | |
| Title | Introduction to bioinformatics in microbiology: Learning materials iosciences |
| 250 ## - EDITION STATEMENT | |
| Edition statement | 2nd |
| 260 ## - PUBLICATION, DISTRIBUTION, ETC. (IMPRINT) | |
| Name of publisher, distributor, etc | Springer |
| Date of publication, distribution, etc | 2023 |
| Place of publication, distribution, etc | Switzerland |
| 300 ## - PHYSICAL DESCRIPTION | |
| Pages | xvi, 246 |
| 650 ## - Subject | |
| Subject | Bioinformatics |
| 650 ## - Subject | |
| Subject | Biological Research |
| 650 ## - Subject | |
| Subject | Microbiolog |
| 942 ## - ADDED ENTRY ELEMENTS (KOHA) | |
| Koha item type | Books |
| Withdrawn status | Lost status | Source of classification or shelving scheme | Damaged status | Not for loan | Location (home branch) | Sublocation or collection (holding branch) | Shelving location | Date acquired | Koha issues (times borrowed) | Koha full call number | Accession No. | Koha date last seen | Koha item type |
|---|---|---|---|---|---|---|---|---|---|---|---|---|---|
| Dewey Decimal Classification | VIVEKANANDA LIBRARY | VIVEKANANDA LIBRARY | Vivekananda Library | 06/01/2026 | 570.285 C868I | 444183 | 06/01/2026 | Books |
